| 000 | 00518nam a22002057a 4500 | ||
|---|---|---|---|
| 003 | OSt | ||
| 005 | 20140310183113.0 | ||
| 008 | 130404t xxu||||| |||| 00| 0 eng d | ||
| 020 | _a9716422245 | ||
| 050 |
_aDS33 _b.Z21 2005 |
||
| 082 |
_aFIL950 _bZ1 2005 |
||
| 245 |
_aHistory of Asian nations _cZaide, Sonia M. |
||
| 260 |
_aManila _bAll Nations Pub. _c2005 |
||
| 300 |
_a250 p. _c25 cm |
||
| 521 | _acollege students | ||
| 526 | _c1210L-1700L | ||
| 541 | _j1 | ||
| 562 | _e1 | ||
| 942 |
_2ddc _cBK-FIL _kFIL |
||
| 999 |
_c18864 _d18864 |
||